Name Every D1 College (Ohio) - Statistics

General Stats
  • This quiz has been taken 31 times
  • The average score is 10 of 13
Answer Stats
Hint Answer % Correct
MAC Ohio
100%
Big 10 Ohio State
97%
Big 12 Cincinnati
90%
MAC Toledo
90%
MAC Akron
83%
MAC Miami
83%
MAC Bowling Green
79%
Horizon League Cleveland
76%
Atlantic 10 Dayton
76%
MAC Kent State
69%
Big East Xavier
59%
Horizon League Youngstown State
52%
Horizon League Wright State
41%
No matching quizzes found
Score Distribution
Percent of People with Each Score
Percentile by Number Answered
Your Score History
You have not taken this quiz